| 000 | 00828nas a2200265 4500 | ||
|---|---|---|---|
| 001 | BR2010001197 | ||
| 003 | BR-BrBNA | ||
| 005 | 20231205113932.0 | ||
| 007 | ta | ||
| 008 | 230509b bl.|||p| |||| 00| 00por d | ||
| 040 |
_aBR-BrBNA _bpor _cBiblioteca Nacional de Agricultura |
||
| 041 | _a(Pt) | ||
| 072 | _aM12 | ||
| 100 | 1 | _aLavorante, B.R.B. de O. | |
| 100 | 1 | _aSantos, P.N. dos | |
| 100 | 1 | _aMendes, P.T.S. | |
| 100 | 1 | _aMendes, E.S. | |
| 245 | 1 | _aMétodo de determinação e avaliação da depleção de oxitetraciclina em camarão marinho | |
| 650 | _aCAMARÃO | ||
| 650 | _aANTIBIÓTICO | ||
| 650 | _aCROMATOGRAFIA | ||
| 773 | 0 |
_tPesquisa Agropecuária Brasileira (Brazil) _xISSN 0100-204X _g(Jul 2009), v. 44(7) p. 738-745 _wBR2010001197 |
|
| 909 |
_a202311 _bLúcia _c55 _dLúcia Elande |
||
| 942 |
_2AGRIS _n0 _cANA |
||
| 999 |
_c206361 _d206361 |
||